Online
Catalog

Enriquillo, ídolo de barro / (Record no. 17313)

MARC details
000 -CABECERA
campo de control de longitud fija 01166nam a2200265 a 4500
001 - NÚMERO DE CONTROL
campo de control 000017788
003 - IDENTIFICADOR DEL NÚMERO DE CONTROL
campo de control DO-SdBNP
005 - FECHA Y HORA DE LA ÚLTIMA TRANSACCIÓN
campo de control 20250617130739.0
008 - DATOS DE LONGITUD FIJA--INFORMACIÓN GENERAL
campo de control de longitud fija 100406s1986 dr abc 000 0 spa d
040 ## - FUENTE DE LA CATALOGACIÓN
Centro catalogador/agencia de origen DO-SdBNP
Lengua de catalogación spa
Centro/agencia transcriptor BNPHU
082 #4 - NÚMERO DE LA CLASIFICACIÓN DECIMAL DEWEY
Número de clasificación 923.31
Número de documento/Ítem M385en
Número de edición 22
100 1# - ENTRADA PRINCIPAL--NOMBRE DE PERSONA
Nombre de persona Martínez Almanzar, Juan Francisco
Fechas asociadas al nombre 1950 -
9 (RLIN) 10459
245 10 - MENCIÓN DE TÍTULO
Título Enriquillo, ídolo de barro /
Mención de responsabilidad, etc. Juan Francisco Martínez Almánzar ; prólogo José Ulises Rutinel Dominguez.
260 ## - PUBLICACIÓN, DISTRIBUCIÓN, ETC.
Lugar de publicación, distribución, etc. Santo Domingo :
Nombre del editor, distribuidor, etc. Fuente,
Fecha de publicación, distribución, etc. 1986.
300 ## - DESCRIPCIÓN FÍSICA
Extensión 220 p. :
Otras características físicas il, map., retrs. ;
Dimensiones 22 cm.
500 ## - NOTA GENERAL
Nota general Incluye datos biograficos del autor en la contracubierta
504 ## - NOTA DE BIBLIOGRAFÍA, ETC.
Nota de bibliografía, etc. Incluye referencias bibliográficas y notas al pie de las páginas
504 ## - NOTA DE BIBLIOGRAFÍA, ETC.
Nota de bibliografía, etc. Bibliografía : p. 218-219
600 #0 - PUNTO DE ACCESO ADICIONAL DE MATERIA--NOMBRE DE PERSONA
Nombre de persona Enriquillo
Títulos y otros términos asociados al nombre Cacique
Fechas asociadas al nombre ¿-1535
9 (RLIN) 14941
650 #4 - PUNTO DE ACCESO ADICIONAL DE MATERIA--TÉRMINO DE MATERIA
Término de materia o nombre geográfico como elemento de entrada Indígenas de República Dominicana
Subdivisión geográfica La Española (Isla)
9 (RLIN) 38676
Subdivisión de forma Biografías
650 #4 - PUNTO DE ACCESO ADICIONAL DE MATERIA--TÉRMINO DE MATERIA
Término de materia o nombre geográfico como elemento de entrada Indigenas de República Dominicana
Subdivisión general Guerras
Subdivisión geográfica La Española (Isla)
9 (RLIN) 38677
651 #0 - PUNTO DE ACCESO ADICIONAL DE MATERIA--NOMBRE GEOGRÁFICO
Nombre geográfico República Dominicana --
Subdivisión general Historia --
Subdivisión cronológica Descubrimiento y conquista, 1492-1503
9 (RLIN) 255
700 1# - PUNTO DE ACCESO ADICIONAL--NOMBRE DE PERSONA
Nombre de persona Rutinel Dominguez, José Ulises,
Término indicativo de función/relación pról.
9 (RLIN) 36435
942 ## - ELEMENTOS DE PUNTO DE ACCESO ADICIONAL (KOHA)
Fuente del sistema de clasificación o colocación Dewey Decimal Classification
Tipo de ítem Koha Libro
Holdings
Estado de retiro Estado de pérdida No para préstamo Código de colección Localización permanente Ubicación/localización actual Ubicación en estantería Fecha de adquisición Número de inventario Total de préstamos Signatura topográfica completa Código de barras Fecha visto por última vez Número de copia Precio válido a partir de Tipo de ítem Koha Restricciones de uso
  Extraviado Excluido de préstamo Dominicana de Servicio General General Extraviado 09.05.2013 LF1   923.31 M385en 17788-40 25.06.2020 e. 3 25.06.2020 Libro y Folleto Colección Dominicana de Servicio  
  Extraviado   Dominicana de Servicio General General Extraviado 09.05.2013 LF1   923.31 M385en 17788-50 25.06.2020 e. 4 25.06.2020 Libro y Folleto Colección Dominicana de Servicio  
    Excluido de préstamo Patrimonio Dominicano Patrimonio Dominicano Patrimonio Dominicano Depósito 06.04.2010 LF1   923.31 M385en 17788-10 25.06.2020   25.06.2020 Libro y Folleto Colección Patrimonio Dominicano  
  Extraviado Excluido de préstamo Patrimonio Dominicano Patrimonio Dominicano Patrimonio Dominicano Extraviado 09.05.2013 LF1   923.31 M385en 17788-30 25.06.2020 e. 2 25.06.2020 Libro y Folleto Colección Patrimonio Dominicano  

Powered by Koha